00353nam a22001217a 4500082001800000100003200018245008800050250001700138260003400155300001200189563000800201650002200209 a343.0968bMAN aMandaraka-Sheppard, Aleka  aModern Maritime Law (Volume 1): bJurisdiction and Risksc Aleka Mandaraka-Sheppard a3rd Edition. aNew York :bRoutledge,c2024. a379 p.  aPB. aLaw, Maritime Law